Statistics for Cities you haven't heard of but might be able to guess

Click here to take the quiz!

General Stats

  • This quiz has been taken 36 times
  • The average score is 10 of 18

Answer Stats

HintStateAnswer% Correct
Close to Sacagawea's birthplace, this town is named for a river and a type of fish that spawn there after traveling nearly 1000 miles upstream from the Pacific OceanIDSalmon
76%
Only city bearing the full name of a US president. Has a cherry pie festival.WAGeorge
71%
Boomtown that made its fortune mining this type of metalWI{Iron} River
68%
DC suburb named for a mountain in Washington State. One of the few examples of a US place name moving east rather than west.MDMt Rainier
68%
The county seat of Baca County, this town shares a name with towns in 34 other statesCOSpringfield
68%
Lehigh Valley town which Jesus did not grow up in, about ten miles north of BethlehemPANazareth
65%
Agricultural town that historically farmed this "king" cropLA{Cotton} Valley
62%
"Remember" this Bay Area suburb, named for the Spanish word for cottonwoodCAAlamo
59%
French for "beautiful town", this suburb's name is also a pun on the last name of early inhabitant James BellMIBelleville
56%
When the Beach Boys said "We'll get there fast and then we'll take it slow", this probably isn't the place they had in mindINKokomo
56%
Colloquially known as "Valpo", this city and its university are named for the legislative capital of ChileINValparaiso
56%
City in the San Luis valley from which early Spanish settlers had a "mountain view"COMonte Vista
53%
Town about 60 miles northwest of Brothers, named for a trio of volcanic peaksORSisters
53%
Town on the doorstep of a national park of the same nameARHot Springs
41%
A small community in the Mojave, it has about 34 times as many palms as nearby Twentynine PalmsCAThousand Palms
41%
Town on the Atlantic coast with an elevation of zero feetNCSealevel
35%
Home to a creamery that makes one of the most widely-sold brands of cheddar cheeseORTillamook
35%
Town near a chain of natural springs, named for the alleged discoverer of the Fountain of YouthFL{De Leon} Springs
29%

Score Distribution

Percentile by Number Answered

Percent of People with Each Score

Your Score History

You have not taken this quiz